[Event "2nd Science Park Open A"]
[Site "Amsterdam NED"]
[Date "2012.07.20"]
[Round "7"]
[White "Farrand,J"]
[Black "Schoehuijs,E"]
[Result "1/2-1/2"]
[WhiteElo "2116"]
[BlackElo "2120"]

1.d4 Nf6 2.Nc3 d6 3.e4 Nbd7 4.f4 e5 5.Nf3 exd4 6.Qxd4 Nc5 7.Bc4 Be7 8.O-O O-O
9.h3 c6 10.Be3 b5 11.Be2 Ne6 12.Qd3 b4 13.Na4 d5 14.exd5 Nxd5 15.Ne5 Qc7
16.Qe4 Bf6 17.Ng4 Qa5 18.Bd3 g6 19.Nxf6+ Nxf6 20.Qe5 Qxe5 21.fxe5  1/2-1/2

[Event "5th Paleochora Open"]
[Site "Paleochora GRE"]
[Date "2012.07.20"]
[Round "6.23"]
[White "Kalogridakis,Georgios"]
[Black "Apanasenok,A"]
[Result "1/2-1/2"]
[WhiteElo "1959"]
[BlackElo "2206"]

1.e4 d6 2.d4 Nf6 3.Nc3 Nbd7 4.g3 e5 5.Nge2 c6 6.a4 Be7 7.Bg2 O-O 8.h3 b6
9.O-O a6 10.dxe5 dxe5 11.Be3 Qc7 12.g4 Bc5 13.Bxc5 Nxc5 14.Qc1 Ne6 15.Rd1 Bb7
16.Qe3 Rfd8 17.Ng3 Nd7 18.Nce2 Ndf8 19.Nf5 Ng6 20.Neg3 Ngf4 21.c3 g6 22.Nh4 c5
23.Bf1 Bc6 24.b3 Ng5 25.Kh2 Bd7 26.Nf3 Nxf3+ 27.Qxf3 Be6 28.Bc4 Bxc4 29.bxc4 Rxd1
30.Rxd1 Rd8 31.Nf1 Rxd1 32.Qxd1 Qc6 33.f3 Qf6 34.Ne3 Qh4 35.Qf1 Qd8 36.Nd5 Kg7
37.Kg3 g5 38.Qb1 Ne2+ 39.Kf2 Nxc3 40.Qxb6 Qxb6 41.Nxb6 f6 42.a5 Kf7 43.Ke3 Ke6
44.Nd5  1/2-1/2

[Event "23rd Czech Open A"]
[Site "Pardubice CZE"]
[Date "2012.07.20"]
[Round "1.86"]
[White "Barthel,A"]
[Black "Turner,Ja"]
[Result "1/2-1/2"]
[WhiteElo "2165"]
[BlackElo "2395"]

1.e4 d6 2.d4 Nf6 3.Nc3 e5 4.dxe5 dxe5 5.Qxd8+ Kxd8 6.Bc4 Be6 7.Bxe6 fxe6
8.Be3 Bd6 9.f3 a6 10.Nh3 Ke7 11.Nf2 Nbd7 12.O-O-O b5 13.Nd3 Rhb8 14.Nb1 a5
15.Nd2 Nb6 16.f4 Nbd7 17.fxe5 Bxe5 18.Nf3 Ng4 19.Nfxe5 Ngxe5 20.Nxe5 Nxe5
21.Bf4 Nf7 22.Bxc7 Rc8 23.Bg3 Rc4 24.Rhe1 Rac8 25.Re2 e5 26.Rd5 R4c5 27.Red2 Ke6
28.Bf2 Rxd5 29.Rxd5 Rb8 30.Bg3 Rb6 31.Kd2 Rd6 32.Rxd6+ Nxd6 33.Kd3 Nb7 34.Bf2 Kd6
35.c4 b4 36.Ba7 Kc6 37.a3 Nc5+ 38.Bxc5 Kxc5 39.a4 Kc6 40.b3 Kc5 41.Ke3 g5  1/2-1/2

[Event "23rd Czech Open A"]
[Site "Pardubice CZE"]
[Date "2012.07.20"]
[Round "1.44"]
[White "Olsarova,K"]
[Black "Plat,V"]
[Result "0-1"]
[WhiteElo "2256"]
[BlackElo "2492"]

1.e4 d6 2.d4 Nf6 3.Nc3 e5 4.dxe5 dxe5 5.Qxd8+ Kxd8 6.Bc4 Be6 7.Bxe6 fxe6
8.Bg5 Bd6 9.O-O-O Nd7 10.Nge2 Ke7 11.Kb1 Rhf8 12.f3 a6 13.Nc1 b5 14.Be3 c5
15.Rd2 Rac8 16.Rhd1 Rc6 17.g4 c4 18.N3e2 a5 19.g5 Ne8 20.f4 exf4 21.Bxf4 e5
22.Bg3 Nc5 23.Nc3 b4 24.Nd5+ Ke6 25.Re1 Nc7 26.Rde2 Nb5 27.Re3 Nd4 28.h4 Rf3
29.c3 bxc3 30.Nxc3 Rxe3 31.Rxe3 Rc8 32.Re1 Rf8 33.N1e2 Nxe2 34.Rxe2 Nd3 35.Kc2 Rf1
36.a3 Bc5 37.Nb5 Bb6 38.Bh2 Bd4 39.b3 Ne1+ 40.Kd2 cxb3  0-1

[Event "7th Nana Aleksandria Cup"]
[Site "Poti GEO"]
[Date "2012.07.20"]
[Round "9.20"]
[White "Sibashvili,G"]
[Black "Tiraturyan,D"]
[Result "1/2-1/2"]
[WhiteElo "2033"]
[BlackElo "2167"]

1.e4 d6 2.d4 Nf6 3.Nc3 e5 4.Nf3 Nbd7 5.Bc4 Be7 6.O-O O-O 7.Re1 a6 8.a4 b6
9.b3 Bb7 10.Ba3 c6 11.Bf1 b5 12.Bb2 Qc7 13.Qd2 Rfe8 14.Rad1 Bf8 15.Qg5 h6
16.Qg3 Nh5 17.Qh4 g6 18.g4 Nf4 19.g5 h5 20.dxe5 dxe5 21.Nxe5 Nxe5 22.Qxf4 Bd6
23.Qg3 Rad8 24.Qg2 b4 25.Nb1 Bc8 26.h3 Bc5 27.Nd2 Bd4 28.Bxd4 Rxd4 29.Nf3 Nxf3+
30.Qxf3 Qe5 31.Rxd4 Qxd4 32.Bc4 Be6 33.Bxa6 Qd2 34.Re2 Qxg5+ 35.Kh2 Rd8 36.Qg3 Qc5
37.Qe3 Qd6+ 38.f4 c5 39.Bb5 Bc8 40.Qg3 Qf6  1/2-1/2

[Event "ch-NED 2012"]
[Site "Amsterdam NED"]
[Date "2012.07.21"]
[Round "7"]
[White "Van Kampen,R"]
[Black "Reinderman,D"]
[Result "1/2-1/2"]
[WhiteElo "2560"]
[BlackElo "2598"]

1.e4 d6 2.d4 Nf6 3.Nc3 e5 4.Nf3 Nbd7 5.Bc4 Be7 6.O-O O-O 7.a4 c6 8.Re1 b6
9.d5 cxd5 10.Bxd5 Nxd5 11.Nxd5 Nf6 12.Nxe7+ Qxe7 13.c4 Bb7 14.Nd2 a6 15.b3 Bc6
16.Ba3 Rfd8 17.Qc2 Qb7 18.Rac1 Rac8 19.Qd3 Nd7 20.Qe3  1/2-1/2

[Event "27th Avoine Open"]
[Site "Avoine FRA"]
[Date "2012.07.21"]
[Round "1.30"]
[White "Micottis,Dorian"]
[Black "Le Borgne,P"]
[Result "0-1"]
[WhiteElo "1995"]
[BlackElo "2233"]

1.e4 d6 2.d4 Nf6 3.Nc3 Nbd7 4.Nge2 e5 5.g3 b5 6.Nxb5 Nxe4 7.Bg2 Bb7 8.d5 Nef6
9.c4 Be7 10.O-O O-O 11.h3 a6 12.Nbc3 Rc8 13.Be3 c6 14.dxc6 Bxc6 15.Bxc6 Rxc6
16.b3 Qc8 17.g4 Rd8 18.Ng3 Bf8 19.g5 Ne8 20.Nd5 Nc5 21.Qg4 Qxg4 22.hxg4 a5
23.Rad1 Rb8 24.Nc3 Nc7 25.Rd2 N7e6 26.Rfd1 a4 27.bxa4 Rb4 28.Nb5 Rxc4 29.f4 Nxa4
30.Nxd6 Rb4 31.Nge4 Nc3 32.Rc1 Nxe4 33.Rxc6 Nxd2 34.Bxd2 Rb1+ 35.Kf2 Rb2
36.Nc4 Rxa2 37.Kg3 Rc2 38.Rc8 Nc5 39.Ne3 Rxd2  0-1

[Event "27th Avoine Open"]
[Site "Avoine FRA"]
[Date "2012.07.21"]
[Round "1.32"]
[White "Kempinski,A"]
[Black "Decosse,J"]
[Result "0-1"]
[WhiteElo "1990"]
[BlackElo "2216"]

1.e4 d6 2.d4 Nf6 3.Nc3 e5 4.Nf3 Nbd7 5.Bc4 Be7 6.O-O O-O 7.a4 a6 8.h3 b6
9.Nd5 Bb7 10.Re1 Nxd5 11.exd5 Bf6 12.c3 Re8 13.Be3 g6 14.Qd2 Bg7 15.Bg5 f6
16.Bh4 e4 17.Nh2 g5 18.Bg3 f5 19.f4 gxf4 20.Bxf4 Nf6 21.Bg5 Qd7 22.Bxf6 Bxf6
23.Qh6 Qg7 24.Qxg7+ Bxg7 25.Re2 Re7 26.Nf1 Kf7 27.Ng3 Kg6 28.Rf1 Rf8 29.Ref2 Bc8
30.h4 Bh6 31.h5+ Kg5 32.Rf4 e3 33.Bd3 Kf6 34.Rxf5+ Bxf5 35.Nxf5 e2 36.Bxe2 Rxe2
37.Nxh6+ Ke7 38.Nf5+ Kd7 39.Kh2 Rxb2 40.Kh3 Rb3 41.Rf3 b5 42.axb5 a5 43.g4 a4
44.Re3 a3 45.b6 Rxb6 46.c4 Ra6 47.Re7+ Kd8 48.Re1 a2 49.Ra1 Kd7 50.c5 Ra3+
51.Kh4 dxc5 52.dxc5 Rb8 53.c6+ Kd8 54.Nd4 Rb1 55.Nc2 Rxa1 56.Nxa1 h6 57.g5 Ra4+
58.Kg3 hxg5 59.h6 Rh4  0-1

[Event "27th Avoine Open"]
[Site "Avoine FRA"]
[Date "2012.07.21"]
[Round "1.25"]
[White "Pietrasanta,J"]
[Black "Smith,Mat"]
[Result "1-0"]
[WhiteElo "2272"]
[BlackElo "2009"]

1.e4 d6 2.d4 Nf6 3.Nc3 Nbd7 4.Nf3 e5 5.Bc4 Be7 6.O-O O-O 7.a4 c6 8.Re1 b6
9.b3 a6 10.Bb2 Bb7 11.Nh4 g6 12.Nf3 b5 13.Bd3 Re8 14.Nb1 Bf8 15.dxe5 dxe5
16.Nbd2 Qc7 17.Bf1 Rad8 18.Qe2 Bc5 19.h3 Nh5 20.Nh2 Ndf6 21.Red1 Rd7 22.Ng4 Nxg4
23.hxg4 Ng3 24.Qf3 Nxf1 25.Nxf1 Re6 26.g5 Bd4 27.c3 Bc5 28.Ne3 Be7 29.Qg3 Rdd6
30.Rxd6 Rxd6 31.c4 Re6 32.Rd1 bxa4 33.bxa4 a5 34.Qh4 Rd6 35.Re1 Rd2 36.Bc1 Rd3
37.Ng4 Bc8 38.Nf6+ Bxf6 39.gxf6 Qd8 40.Kh2 Rd6 41.Bh6 Be6 42.Qg5 Rd1 43.Re3 Qb8
44.Bg7 Qb2 45.Kg3 Bxc4 46.Qh6 Be6 47.Bf8  1-0

[Event "Sparkassen Open A"]
[Site "Dortmund GER"]
[Date "2012.07.21"]
[Round "8.17"]
[White "Richters,M"]
[Black "Faust,M"]
[Result "1-0"]
[WhiteElo "2045"]
[BlackElo "2133"]

1.e4 d6 2.d4 Nf6 3.Nc3 e5 4.Nf3 Nbd7 5.Bc4 Be7 6.O-O h6 7.h3 c6 8.a4 Qc7
9.Re1 g5 10.Bxg5 hxg5 11.Nxg5 Rf8 12.a5 b6 13.axb6 Qxb6 14.Ne2 Bb7 15.Ng3 Qxd4
16.Qe2 d5 17.exd5 cxd5 18.Bb5 Kd8 19.Nf3 Qf4 20.Ra4 e4 21.Nd4 Nc5 22.Ra5 Ne6
23.Ndf5 Bb4 24.Ra4 Bxe1 25.Qxe1 Qc7 26.Qb4 Qc5 27.Qa5+ Qb6 28.Nd6 Kc7 29.Qc3+ Qc5
30.Qxf6 Qxd6 31.Nf5 Qc5 32.Qe5+ Kb6 33.Nd6 Rfd8 34.Nxf7 Qxb5 35.Qxe6+ Bc6
36.Ra3 a5  1-0

[Event "5th Paleochora Open"]
[Site "Paleochora GRE"]
[Date "2012.07.21"]
[Round "7.23"]
[White "Persson,Andr"]
[Black "Mansour,Sam"]
[Result "1/2-1/2"]
[WhiteElo "2104"]
[BlackElo "2239"]

1.e4 d6 2.d4 Nf6 3.Nc3 c6 4.f4 Qa5 5.Bd3 e5 6.Nf3 Bg4 7.Be3 Nbd7 8.O-O Be7
9.h3 Bxf3 10.Qxf3 O-O 11.Ne2 Rfe8 12.Ng3 g6 13.c3 Bf8 14.Bc4 exd4 15.Bxd4 d5
16.exd5 cxd5 17.b4 Qc7 18.Bxd5 Nxd5 19.Qxd5 Nb6 20.Qf3 Bg7 21.Bxg7 Kxg7 22.f5 Nc4
23.Ne4 Rad8 24.fxg6 hxg6 25.Qf6+ Kg8 26.Rae1 Re6 27.Qh4 Qb6+ 28.Kh1 Rxe4
29.Rxe4 Nd6 30.Rd4 Re8 31.Qg3 Re6 32.Rfd1 Nf5 33.Rd8+ Kg7 34.Qf4 Re4 35.Qb8 Qf2
36.Rg8+ Kh6 37.Rh8+ Kg5 38.Qd8+ Kf4 39.Qc7+ Kg5 40.h4+ Kg4 41.Qc5 Re1+ 42.Rxe1 Qxe1+
43.Kh2 Qg3+ 44.Kg1 Qe1+  1/2-1/2

[Event "2nd Science Park Open A"]
[Site "Amsterdam NED"]
[Date "2012.07.22"]
[Round "9"]
[White "Kohler,Ar"]
[Black "Hopman,P"]
[Result "0-1"]
[WhiteElo "2229"]
[BlackElo "2326"]

1.d4 d6 2.e4 Nf6 3.Nc3 e5 4.Nf3 Nbd7 5.g4 Nxg4 6.Rg1 Ngf6 7.Be3 c6 8.Qd3 b5
9.O-O-O b4 10.dxe5 dxe5 11.Na4 Qc7 12.Rg5 h6 13.Rg2 g5 14.Kb1 Be7 15.Nd2 Nb6
16.Nc5 Ng4 17.Na6 Bxa6 18.Qxa6 Nxe3 19.fxe3 Rd8 20.Rc1 Rg8 21.Nc4 Rg6 22.Qa5 Na8
23.Qxe5 Qxe5 24.Nxe5 Re6 25.Ng4 h5 26.Nf2 Nb6 27.Be2 g4 28.Bd3 Bg5 29.Re1 Bh4
30.Rf1 c5 31.Bb5+ Ke7 32.Nd3 Rxe4 33.Rf5 c4 34.Rxh5 Rxe3 35.Rxh4 Re1+ 36.Nc1 Rdd1
37.a3 Rxc1+ 38.Ka2 Ra1+  0-1

[Event "30th Andorra Open"]
[Site "Andorra la Vella AND"]
[Date "2012.07.22"]
[Round "2.14"]
[White "Narciso Dublan,M"]
[Black "Van Hasselt,F"]
[Result "1/2-1/2"]
[WhiteElo "2539"]
[BlackElo "2230"]

1.d4 d6 2.e4 Nf6 3.Nc3 c6 4.f4 Qa5 5.e5 Ne4 6.Qf3 d5 7.Bd3 f5 8.Ne2 e6 9.Bxe4 dxe4
10.Qg3 b5 11.b3 Nd7 12.Bd2 Qc7 13.Nd1 Nb6 14.O-O c5 15.Ne3 a6 16.c3 Bb7 17.a4 c4
18.a5 Nd5 19.b4 Qf7 20.Kf2 Be7 21.h4 O-O 22.Rh1 Kh8 23.Rh3 h5 24.Ke1 Rad8
25.Rh1 Kh7 26.Nxd5 Bxd5 27.Be3 Qg6 28.Qxg6+ Kxg6 29.g3 Kf7 30.Ng1 g6 31.Nh3 Kg7
32.Ra2 Rfe8 33.Ng5 Bxg5 34.hxg5 Rh8 35.Rah2 Rde8 36.Kf2  1/2-1/2

[Event "72nd ch-ITA S/F 2012"]
[Site "Civitanova Marche ITA"]
[Date "2012.07.22"]
[Round "9"]
[White "De Filomeno,S"]
[Black "Scalcione,M"]
[Result "1-0"]
[WhiteElo "2338"]
[BlackElo "2346"]

1.e4 d6 2.d4 Nf6 3.Nc3 e5 4.Nf3 Nbd7 5.Bc4 Be7 6.O-O O-O 7.Re1 a6 8.a4 b6
9.d5 Kh8 10.Nd2 Ng8 11.Nf1 g6 12.Bd3 Bg5 13.g3 f5 14.exf5 gxf5 15.f4 exf4
16.gxf4 Bh4 17.Ng3 Ngf6 18.Bxf5 Nc5 19.Be6 Nxe6 20.dxe6 Rg8 21.Re3 Bb7 22.b3 Ng4
23.Bb2 Bf6 24.Rd3 Qe8 25.Qe2 Qc6 26.Rb1 Rae8 27.f5 Be5 28.Nce4 Bxb2 29.Rxb2 d5
30.Nf2 d4 31.Nxg4 Rxg4 32.Kf1 Rf4+ 33.Ke1 Rxf5 34.Nxf5 Rxe6 35.Ne3 dxe3 36.Rd8+ Re8
37.Rxe8+ Qxe8 38.c3 Qe7 39.Qg4 c5 40.Qf4 Bd5 41.Re2 Qg7 42.Qb8+ Bg8 43.Rxe3 Qg1+
44.Kd2 Qg2+ 45.Re2 Qd5+ 46.Kc1 h6 47.Qe5+ Qxe5 48.Rxe5 Bxb3 49.a5 bxa5 50.Rxc5 a4
51.Kb2 Kg7 52.Rc6 a5 53.Ra6 h5 54.Rxa5 Kg6 55.h4 Bd1 56.Ka3  1-0

[Event "23rd Czech Open A"]
[Site "Pardubice CZE"]
[Date "2012.07.22"]
[Round "3.34"]
[White "Braeuer,F"]
[Black "Plat,V"]
[Result "1/2-1/2"]
[WhiteElo "2205"]
[BlackElo "2492"]

1.e4 d6 2.d4 Nf6 3.Nc3 e5 4.Nf3 Nbd7 5.Bc4 Be7 6.O-O O-O 7.Re1 c6 8.a4 Qc7
9.b3 b6 10.Bb2 Bb7 11.d5 cxd5 12.Nxd5 Nxd5 13.Bxd5 Bxd5 14.exd5 f5 15.Nd4 Nc5
16.Nc6 Bf6 17.b4 Nd7 18.c4 a5 19.bxa5 bxa5 20.Qb3 Nc5 21.Qc2 Qd7 22.Rab1 e4
23.Ba3 Nd3 24.Red1 Ne5 25.Rb6 Rfc8 26.Qb3 f4 27.Bb2 Qg4 28.Bxe5 dxe5 29.f3 exf3
30.Qxf3 Qf5 31.Re1 Qc2 32.Qb3 Qd2 33.Rd1 Qe2 34.Qd3 Qxd3 35.Rxd3 e4 36.Rdb3 Re8
37.Kf1 e3 38.Ke2 Re4 39.Rb8+ Rxb8 40.Rxb8+ Kf7 41.Nxa5 Bc3 42.Rb7+ Kf6 43.Rb6+ Kf5
44.Nb3 Bf6 45.Rc6 g5 46.h3 h5 47.d6 g4 48.hxg4+ hxg4 49.d7 Be7 50.Rc5+ Kf6
51.Nc1 Rd4 52.Rd5 Rxc4 53.Nd3 Bd8 54.Rc5 Rxa4 55.Ne5 Ra2+ 56.Kf1 Ke6 57.Nxg4 e2+
58.Ke1 Bh4+ 59.Nf2 Kxd7 60.Rf5 Bg3 61.Rd5+ Ke6 62.Re5+ Kf6 63.Rf5+ Ke6 64.Re5+ Kd6
65.Rd5+ Kc6 66.Rc5+ Kb6 67.Rb5+ Ka6 68.Rb6+ Ka5  1/2-1/2

[Event "23rd Czech Open A"]
[Site "Pardubice CZE"]
[Date "2012.07.22"]
[Round "3.69"]
[White "Nun,Ji"]
[Black "Pogan,N"]
[Result "1-0"]
[WhiteElo "2379"]
[BlackElo "2205"]

1.e4 d6 2.d4 Nf6 3.Nc3 e5 4.Nf3 Nbd7 5.Bc4 Be7 6.h3 O-O 7.Be3 c6 8.a4 a5
9.O-O exd4 10.Bxd4 Nb6 11.Bb3 Nfd7 12.Qd2 Nc5 13.Ba2 Be6 14.Bxc5 dxc5 15.Bxe6 fxe6
16.Qe2 Qe8 17.Rad1 Qh5 18.Nd4 Qh6 19.Nb3 e5 20.Nd2 Qe6 21.b3 Rad8 22.Ncb1 c4
23.Nxc4 Nxc4 24.Qxc4 Qxc4 25.bxc4 Bc5 26.Rd3 Rd4 27.Rxd4 Bxd4 28.Nd2 Bc3
29.Nb1 Bd4 30.c3 Bb6 31.Nd2 Rd8 32.Nf3 Rd3 33.Rb1 Bc5 34.Rxb7 Rxc3 35.Ng5 g6
36.Rb8+ Kg7 37.Ne6+ Kh6 38.Nxc5 Rxc4 39.Nd7 Rxe4 40.Ra8 Rxa4 41.Nxe5 c5 42.Rc8 Ra1+
43.Kh2 Rc1 44.Ra8 Ra1 45.Ra7 Kg5 46.Rf7 h5 47.f4+ Kh6 48.Nf3 c4 49.Ng5 Rh1+
50.Kxh1 c3 51.Rh7+  1-0

[Event "23rd Czech Open A"]
[Site "Pardubice CZE"]
[Date "2012.07.22"]
[Round "3.71"]
[White "Barthel,A"]
[Black "Krapivin,Vl"]
[Result "0-1"]
[WhiteElo "2165"]
[BlackElo "2366"]

1.e4 d6 2.d4 Nf6 3.Nc3 e5 4.dxe5 dxe5 5.Qxd8+ Kxd8 6.Bc4 Ke8 7.Nd5 Nxd5 8.Bxd5 c6
9.Bb3 Nd7 10.c3 Nc5 11.Bc2 a5 12.Be3 Be6 13.Nf3 f6 14.O-O Be7 15.Rfd1 Kf7
16.Bxc5 Bxc5 17.Bb3 Rhd8 18.Bxe6+ Kxe6 19.a4 b5 20.axb5 cxb5 21.Kf1 a4 22.Rxd8 Rxd8
23.Ke2 g6 24.Ne1 f5 25.Nd3 Bd6 26.f3 Rc8 27.Kd2 h5 28.Re1 f4 29.g3 fxg3 30.hxg3 g5
31.Rh1 Rh8 32.Nf2 Bc5 33.Nd3 Bd6 34.Nf2 h4 35.Ke2 Be7 36.Nd3 Bd6 37.Nf2 Bc5
38.Nd3 Bb6 39.gxh4 Rxh4 40.Rxh4 gxh4 41.f4 exf4 42.Nxf4+ Kf7 43.Kf3 Bc7 44.Ne2 Be5
45.Kg4 Bf6 46.e5 Bxe5 47.Kxh4 Ke6 48.Kg4 Kd5 49.Kf3 Kc4 50.Ke4 Kb3 51.Nd4+ Bxd4
52.cxd4 Kxb2 53.d5 a3 54.d6 a2 55.d7 a1=Q 56.d8=Q Qe1+ 57.Kf5 b4 58.Kg6 b3
59.Kh7 Qe4+ 60.Kg7 Ka2 61.Qa5+ Kb1 62.Qb6 b2 63.Qg1+ Kc2 64.Qf2+ Kc3 65.Qc5+ Qc4
66.Qe3+ Qd3 67.Qc5+ Kd2 68.Qf2+ Kc1 69.Qe1+ Kc2 70.Qf2+ Kb3 71.Qb6+ Ka2 72.Qa5+ Qa3
73.Qd5+ Ka1 74.Qd4 Qe7+ 75.Kg8 Qe8+ 76.Kg7 Qc6 77.Qa7+ Kb1 78.Qg1+ Ka2 79.Qa7+ Kb3
80.Qb8+ Ka3 81.Qa7+ Kb4 82.Qd4+ Kb3 83.Qd1+ Ka2 84.Qd2 Qc7+ 85.Kh8 Ka1  0-1

[Event "38th Sitges Open"]
[Site "Sitges ESP"]
[Date "2012.07.23"]
[Round "4.6"]
[White "Chanoine,G"]
[Black "Rodriguez Garcia,V"]
[Result "0-1"]
[WhiteElo "2297"]
[BlackElo "2383"]

1.e4 d6 2.d4 Nf6 3.Nc3 e5 4.Nf3 Nbd7 5.Bc4 Be7 6.O-O O-O 7.Re1 a6 8.a4 b6
9.b4 Bb7 10.d5 h6 11.a5 b5 12.Bb3 Rc8 13.Qd3 c5 14.dxc6 Bxc6 15.Be3 Bb7 16.Bd2 Rc7
17.Nh4 Nxe4 18.Nxe4 Bxh4 19.Nxd6 Ba8 20.c4 bxc4 21.Bxc4 Nf6 22.Nf5 Rd7 23.Nxh6+ gxh6
24.Qg6+ Kh8 25.Qxh6+ Nh7 26.Bc3 Bf6 27.Bxe5 Bxe5 28.Rxe5 Rd1+ 29.Re1 Rxa1
30.Rxa1 Qd4 31.Rc1 Rg8 32.Bf1 Qg4 33.Rc4 Qd1 34.f3 Bxf3 35.Kf2 Bxg2 36.Be2 Qd7
37.Qxa6 Qf5+ 38.Ke1 Bd5 39.Rd4 Rg1+ 40.Kd2 Qg5+ 41.Kd3 Qf5+ 42.Kd2 Nf6 43.Rh4+ Kg7
44.Qb6 Rg2 45.Qd4 Bf3  0-1

[Event "Open ch-BUL w 2012"]
[Site "Vratsa BUL"]
[Date "2012.07.23"]
[Round "1.4"]
[White "Bauyrzhan,Arnash"]
[Black "Voiska,M"]
[Result "1/2-1/2"]
[WhiteElo "1801"]
[BlackElo "2290"]

1.e4 d6 2.d4 Nf6 3.Nc3 e5 4.dxe5 dxe5 5.Qxd8+ Kxd8 6.Nf3 Bd6 7.Bc4 Ke7 8.a3 a6
9.Be3 b5 10.Bd5 c6 11.Ba2 Nbd7 12.Ng5 Rf8 13.O-O-O Bc5 14.Rhe1 a5 15.Nf3 Bd6
16.Nh4 g6 17.Bh6 Rd8 18.f4 Ng4 19.fxe5 Bxe5 20.Bd2 f6 21.Re2 Nxh2 22.Rh1 b4
23.Na4 Ba6 24.Re3 Ng4 25.Ree1 Bb5 26.Bb3 bxa3 27.bxa3 Nf2 28.Rhg1 Bh2 29.Rh1 Nxh1
30.Rxh1 Bd6 31.Nf5+ gxf5 32.Rxh7+ Ke8 33.Bf7+ Ke7 34.Bb3+ Ke8 35.Bf7+ Ke7
36.Bb3+ Ke8  1/2-1/2

[Event "45th Biel Masters Open"]
[Site "Biel SUI"]
[Date "2012.07.24"]
[Round "2"]
[White "Adhiban,Baskaran"]
[Black "Gara,A"]
[Result "1-0"]
[WhiteElo "2553"]
[BlackElo "2312"]

1.d4 d6 2.e4 Nf6 3.Nc3 e5 4.Nf3 Nbd7 5.g4 Nxg4 6.Rg1 Ngf6 7.Be3 c6 8.Qd2 Qa5
9.O-O-O b5 10.dxe5 dxe5 11.Kb1 b4 12.Na4 g6 13.Bc4 Nxe4 14.Qd3 Nd6 15.b3 Nxc4
16.Qxc4 Qb5 17.Qe4 Bg7 18.Ng5 Nf6 19.Qh4 O-O 20.Rd6 Nh5 21.Nc5 Bf5 22.Nce4 h6
23.Nf3 Qe2 24.Nfd2 g5 25.Bxg5 hxg5 26.Qxg5 Bg6 27.Rxg6 fxg6 28.Qxg6 Rad8
29.Qe6+ Kh8 30.Qg6 Rxd2 31.Nxd2 e4 32.Nxe4 Rd8 33.Kc1 Rd5 34.Qe8+ Kh7 35.Nf6+  1-0

[Event "XIV ch-Gdansk Int 2012"]
[Site "Gdansk POL"]
[Date "2012.07.24"]
[Round "4.21"]
[White "Janik,Igor"]
[Black "Grajczak,A"]
[Result "1/2-1/2"]
[WhiteElo "1767"]
[BlackElo "1999"]

1.e4 d6 2.d4 Nf6 3.Nc3 e5 4.dxe5 dxe5 5.Qxd8+ Kxd8 6.Bg5 Be6 7.O-O-O+ Nd7
8.f4 exf4 9.Nf3 Kc8 10.Bxf4 Bb4 11.Nd5 Bxd5 12.exd5 Ng4 13.Bg3 Ndf6 14.c3 Bc5
15.b4 Be3+ 16.Kb2 Ne4 17.Re1 f5 18.Bc4 f4 19.Bh4 h6 20.d6 Kd7 21.h3 Nxd6
22.Rd1 Nf6 23.Ne5+ Ke8 24.Rxd6 cxd6 25.Bb5+ Ke7 26.Ng6+ Ke6 27.Nxh8 g5 28.Ng6 gxh4
29.Nxh4 Rg8 30.Re1 Ne4 31.Bd3 Ke5 32.Nf3+ Kf5 33.g4+ fxg3 34.Rxe3 Kf4 35.Rxe4+ Kxf3
36.Re6 d5 37.Rf6+ Ke3 38.Bf1 g2 39.Bxg2 Rxg2+ 40.Kb3 Rg3 41.Rxh6 Kd2 42.Rh7 b5
43.Rd7 Rxc3+ 44.Kb2 Rc2+  1/2-1/2

[Event "6th AD San Juan Open"]
[Site "Pamplona ESP"]
[Date "2012.07.24"]
[Round "3.2"]
[White "Cruz Ravina,F"]
[Black "Paunovic,D"]
[Result "1/2-1/2"]
[WhiteElo "2345"]
[BlackElo "2521"]

1.e4 d6 2.d4 Nf6 3.Nc3 e5 4.Nf3 Nbd7 5.Bc4 Be7 6.O-O O-O 7.Re1 c6 8.a4 a5
9.h3 h6 10.Ba2 Re8 11.dxe5 dxe5 12.Nh4 Nc5 13.Qf3 Ne6 14.Nf5 Nd4 15.Nxd4 Qxd4
16.Be3 Qd6 17.Rad1 Qc7 18.Qg3 Kf8 19.Rd3 Bb4 20.Qh4 Be6 21.Bxh6 gxh6 22.Qxf6 Bxa2
23.Nxa2 Bxe1 24.Qxh6+ Ke7 25.Qg5+ Kf8 26.Qh6+ Ke7 27.Qg5+ Kf8 28.Qh6+  1/2-1/2

[Event "23rd Czech Open A"]
[Site "Pardubice CZE"]
[Date "2012.07.24"]
[Round "5.102"]
[White "Moritz,A"]
[Black "Lorscheid,G"]
[Result "1/2-1/2"]
[WhiteElo "2104"]
[BlackElo "2259"]

1.e4 d6 2.d4 Nf6 3.Nc3 e5 4.Nf3 Nbd7 5.Bc4 Be7 6.O-O O-O 7.a4 c6 8.Ba2 b6
9.Qe2 Bb7 10.Rd1 Qc7 11.Nh4 exd4 12.Rxd4 Rad8 13.Bf4 c5 14.Rd2 Nxe4 15.Nxe4 Bxe4
16.Qxe4 Bxh4 17.Qd3 Be7 18.Bxd6 Bxd6  1/2-1/2

[Event "23rd Czech Open A"]
[Site "Pardubice CZE"]
[Date "2012.07.24"]
[Round "5.97"]
[White "Golubov,Saveliy"]
[Black "Rjabzev,K"]
[Result "1-0"]
[WhiteElo "2136"]
[BlackElo "2279"]

1.e4 d6 2.d4 Nf6 3.Nc3 e5 4.Nf3 Nbd7 5.Bc4 Be7 6.O-O O-O 7.a4 c6 8.a5 Rb8
9.Re1 b5 10.axb6 axb6 11.Ba2 b5 12.Bg5 b4 13.Nb1 h6 14.Bh4 Nh5 15.Bxe7 Qxe7
16.Nbd2 Nf4 17.Nc4 Qf6 18.dxe5 Nxe5 19.Nfxe5 dxe5 20.Qd6 Qg5 21.g3 Nh3+ 22.Kg2 Rb5
23.Ne3 Nf4+ 24.Kh1 Qh5 25.gxf4 Qf3+ 26.Ng2 Bh3 27.Rg1 Qxe4 28.f3 Qxf3 29.Bc4 Rb7
30.Raf1 Qe4 31.Bd3 Qd4 32.Qxe5 Qxe5 33.fxe5 Re7 34.Re1 Rfe8 35.Nf4 Bc8 36.Nh5 Rxe5
37.Nf6+  1-0

[Event "Dutch Open 2012"]
[Site "Dieren NED"]
[Date "2012.07.25"]
[Round "2.16"]
[White "Hoogland,D"]
[Black "Ellenbroek,T"]
[Result "1-0"]
[WhiteElo "2169"]
[BlackElo "2047"]

1.e4 d6 2.d4 Nf6 3.Nc3 e5 4.Nf3 Nbd7 5.Bc4 Be7 6.O-O O-O 7.h3 c6 8.a4 Nxe4
9.Nxe4 d5 10.Ba2 dxe4 11.Nxe5 Nxe5 12.dxe5 Qxd1 13.Rxd1 Bf5 14.c3 Rfd8 15.Be3 b6
16.Bb3 Rxd1+ 17.Rxd1 Rd8 18.Rd4 c5 19.Rxd8+ Bxd8 20.Bd5 Bc7 21.Bf4 Kf8 22.Bg3 Ke7
23.Kf1 Bd7 24.a5 bxa5 25.Bxe4 Ke6 26.f4 f5 27.exf6 Kxf6 28.Bxh7 g6 29.Bg8 Kf5
30.Bf2 Bxf4 31.Bxc5 a4 32.Bd5 Bc1 33.Ba3 Ke5 34.Bf3 Kf4 35.Ke2 Be6 36.Kd1 Be3
37.Bd6+ Kg5 38.Be4 Bd7 39.c4 Kf6 40.c5 Bb5 41.c6 Bd4 42.Kc2 Ba6 43.Bf3 Ke6
44.Bf4 Be5 45.Bg4+  1-0

[Event "3rd Terre degli Elimi"]
[Site "Erice ITA"]
[Date "2012.07.25"]
[Round "1"]
[White "Ferrante,M"]
[Black "Lorito,Francesco"]
[Result "1-0"]
[WhiteElo "2190"]
[BlackElo "1749"]

1.e4 d6 2.d4 Nf6 3.Nc3 Nbd7 4.f4 e5 5.Nf3 exd4 6.Qxd4 Be7 7.e5 c5 8.Qd3 dxe5
9.fxe5 Ng4 10.Bf4 Qb6 11.Qd2 Qe6 12.O-O-O O-O 13.Nd5 Ngxe5 14.Nxe5 Nxe5 15.Bxe5 Qxe5
16.Re1  1-0

[Event "Open ch-BUL w 2012"]
[Site "Vratsa BUL"]
[Date "2012.07.25"]
[Round "3.4"]
[White "Yordanova,S"]
[Black "Voiska,M"]
[Result "0-1"]
[WhiteElo "2111"]
[BlackElo "2290"]

1.e4 d6 2.d4 Nf6 3.Nc3 e5 4.Nf3 exd4 5.Nxd4 Be7 6.Bf4 O-O 7.Qd2 Nc6 8.O-O-O Nxd4
9.Qxd4 Be6 10.Kb1 Nd7 11.Qd2 Bf6 12.Nd5 Bxd5 13.exd5 Nc5 14.Be3 a6 15.Be2 Re8
16.Bf3 Qd7 17.Bd4 Bxd4 18.Qxd4 a5 19.h4 Re5 20.h5 h6 21.Rh3 Rae8 22.Rg3 Qe7
23.a3 b6 24.Be2 Qf8 25.Bb5 R8e7 26.f4 Re1 27.Rxe1 Rxe1+ 28.Ka2 Ne4 29.Rg4 Kh8
30.f5 Nf6 31.Rh4 Qe7 32.Bd3 Qe5 33.Qxe5 Rxe5 34.c4 Re3 35.Bf1 Kg8 36.b4 Kf8
37.c5 axb4 38.axb4 bxc5 39.bxc5 dxc5 40.Rc4 Ne4 41.Rc1 Ke7 42.Bc4 Kd6 43.Kb2 Rg3
44.Rc2 Nf6 45.Kc1 Nxh5 46.Ra2 Rc3+  0-1

[Event "3rd Terre degli Elimi"]
[Site "Erice ITA"]
[Date "2012.07.26"]
[Round "2"]
[White "Santagati,A"]
[Black "Mancuso,Fabrizio"]
[Result "1-0"]
[WhiteElo "2230"]
[BlackElo "1607"]

1.e4 d6 2.d4 Nf6 3.Nc3 Nbd7 4.Bc4 e5 5.Nf3 Be7 6.O-O O-O 7.a4 c6 8.Ba2 Re8
9.a5 Qc7 10.Re1 Nf8 11.dxe5 dxe5 12.Ng5 Ne6 13.Nxe6 Bxe6 14.Bxe6 fxe6 15.Bg5 Rf8
16.Qe2 Ne8 17.Be3 Rd8 18.Bxa7 Qc8 19.Bb6 Nc7 20.Red1 Rxd1+ 21.Rxd1 Na6 22.Qd3 Bc5
23.Qd7 Qxd7 24.Rxd7 Bxb6 25.axb6 Rf7 26.Rd8+ Rf8 27.Rd6 Rf6 28.Nd1 Nc5 29.Nc3 Kf8
30.b4 Na6 31.b5 Ke7 32.Rxc6 bxc6 33.bxa6 Kd7 34.a7  1-0

[Event "3rd Terre degli Elimi"]
[Site "Erice ITA"]
[Date "2012.07.26"]
[Round "2"]
[White "Marzaduri,Marco R."]
[Black "Piazza,Francesco"]
[Result "1-0"]
[WhiteElo "1845"]
[BlackElo "1638"]

1.e4 d6 2.d4 Nf6 3.Nc3 c6 4.f3 Qc7 5.Be3 e5 6.Nge2 Be6 7.Qd2 Nbd7 8.g4 h6
9.d5 Bxg4 10.fxg4 Nxg4 11.Bh3 Ndf6 12.O-O-O Be7 13.Rdg1 Nxe3 14.Qxe3 Nxd5
15.exd5 Bg5 16.Rxg5 hxg5 17.Bf5 g6 18.Bd3 Qe7 19.Rg1 Rxh2 20.Rxg5 c5 21.Bb5+ Kd8
22.Ne4 f5 23.Rxg6 fxe4 24.Rg8+ Kc7 25.Rxa8 a6 26.Bxa6 Rh1+ 27.Kd2 Qh4 28.Ng3 Rh3
29.Nf5 Qg4 30.Qf2 Rf3 31.Qh4 e3+ 32.Kc3 e2+ 33.Kd2 e1=Q+ 34.Kxe1 Qg1+ 35.Kd2 Qf2+
36.Qxf2 Rxf2+ 37.Ke3 Rxf5 38.Bd3 Rf4 39.Rg8 c4 40.Be4 Kb6 41.Rg7 Rf1 42.Rd7 Rf6
43.Kd2 Ka6 44.Re7 Rf4 45.Ke3 Kb6 46.Re6 Kc5 47.b3 c3 48.b4+ Kxb4 49.Rxd6 Ka3
50.Rb6 Rf7 51.d6 Ka4 52.Rxb7 Rf6 53.d7 Rd6 54.Bf5 Ka5 55.Rb8  1-0

[Event "99th ch-GBR 2012"]
[Site "North Shields ENG"]
[Date "2012.07.26"]
[Round "4.17"]
[White "Ledger,S"]
[Black "Chapman,T"]
[Result "0-1"]
[WhiteElo "2089"]
[BlackElo "2290"]

1.d4 d6 2.e4 Nf6 3.Nc3 c6 4.f4 Qa5 5.e5 Ne4 6.Qf3 d5 7.Bd3 Na6 8.Ne2 Nb4
9.Bxe4 dxe4 10.Qxe4 f5 11.exf6 Bf5 12.Qe5 Nxc2+ 13.Kd1 Qxe5 14.fxe5 Nxa1
15.f7+ Kd7 16.Rf1 e6 17.Ng3 Bg6 18.Nce4 Be7 19.b3 Rhf8 20.Bb2 Nxb3 21.axb3 Rxf7  0-1